000 01246nam1a2200313 4500
001 RU\NLR\BIBL_A\022441963
005 20250807185200.0
035 _a(NLR Aleph) 022441963
090 _a80210
_c80210
100 _a20250131d1945 c y0rusy50 ca
101 0 _akaz
102 _aKZ
105 _aa j 000yy
181 0 _ai
_baxxe
182 0 _an
200 1 _aГеография
_fЛ. Г. Терехова мен В. Г. Эрдели
203 _aТекст
_bвизуальный
_cнепосредственный
205 _a7-рет басылуы
_bтүзетіліп
210 _aАлматы
_cҚазақтың бiрiккен мемлекет баспасы
_d1945
215 _d22
606 1 _aГеография
_jУчебники для начальной школы
_2nlr_sh1
_2nlr_sh2
_3RU\NLR\AUTH\6662461
689 1 _aД82 я72
700 1 _aТерехова
_bЛ. Г.
_gЛидия Григорьевна
_3RU\NLR\AUTH\770278601
_4070
701 1 _aЭрдели
_bВ. Г.
_f1886-1968
_gВладимир Георгиевич
_3RU\NLR\AUTH\770268140
_4070
852 _aNLR
_bОНЛ
_jКазах./3-1279
942 _cBOOK
945 _aРоссийская национальная библиотека
980 _aBV